000 00451nam a2200121Ia 4500
008 220615s9999||||xx |||||||||||||| ||und||
100 _aRakesh Sharma
245 0 _aStem Cells in Clinical Practice and Tissue Engineering
546 _aEnglish[eng]
650 _aLife Sciences||Genetics and Molecular Biology||Biochemistry||Cell Biology
856 _uhttps://www.intechopen.com/books/stem-cells-in-clinical-practice-and-tissue-engineering
942 _cEB
999 _c16088
_d16088